20 reprezentacji które są najwyżej w rankingu FIFA - Statystyki

Ogólne statystyki
  • Ten quiz został rozwiązany 130 razy
  • Średni wynik to 16 z 20
Statystyki odpowiedzi
miejsce reprezentacja % Poprawnych
1 Brazylia
99%
3 Argentyna
98%
4 Francja
97%
11 Niemcy
95%
6 Włochy
95%
7 Hiszpania
94%
5 Anglia
93%
9 Portugalia
91%
2 Belgia
90%
8 Holandia
87%
13 Meksyk
83%
15 Szwajcaria
81%
12 Chorwacja
79%
14 Urugwaj
76%
16 USA
73%
10 Dania
72%
17 Kolumbia
62%
18 Senegal
62%
19 Walia
50%
20 Iran
37%
Nie znaleziono quizów pasujących do podanych kryteriów
Rozkład punktacji
Procent ludzi z każdym wynikiem
Percentyl według liczby udzielonych odpowiedzi
Twoja historia wyników
Nie rozwiązałeś tego quizu